Statistiques concernant Capitales du monde par lettre - V

Cliquez ici pour prendre le quiz!

Statistiques générales

  • Ce quiz a été pris 579 fois
  • Le résultat moyen est 6 sur 8

Statistiques - réponses

Réponse% Correct
Varsovie
90%
Vienne
88%
Vaduz
85%
Vilnius
84%
Vatican
80%
Vientiane
68%
La Valette
63%
Victoria
48%

Distribution des résultats

Percentile par nombre de réponses

% des personnes avec chaque résultat

Votre développement - résultats

Vous n’avez pas pris ce quiz